Statistics for Latin American Countries with Highest GDP Per Capita

Click here to take the quiz!

General Stats

  • This quiz has been taken 112 times
  • The average score is 9 of 10

Answer Stats

GDP per capitaCountry% Correct
24,000Chile
99%
20,200Argentina
98%
15,200Brazil
98%
21,600Uruguay
98%
14,200Colombia
97%
16,100Costa Rica
96%
22,800Panama
95%
18,900Mexico
93%
15,100Venezuela
90%
15,900Dominican Republic
81%

Score Distribution

Percentile by Number Answered

Percent of People with Each Score

Your Score History

You have not taken this quiz